000 00479nam a22001697a 4500
003 CEME
005 20210628210456.0
008 210208b xxu||||| |||| 00| 0 eng d
040 _c.
082 _a429.73439 DIC
100 _aAbdul Hafiz Balyavee
_979539
245 _aLughat-ul-misbah mukamal arabi urdu dictionary
260 _aLAHORE
_bPROGRESSIVE BOOKS
_c1994
300 _a1054P
650 _aISLAM-ARABI URDU DICTIONARY ARABIC URDU DICTIONARY
_979540
942 _cBK
_2ddc
999 _c584568
_d584568